000 00494nam a2200205 a 4500
001 BRCA_6792
005 20190320205607.0
008 311011s1914----au-a######---#000-0#ger-#
041 _ager
044 _agw
050 4 _aSB409
_b.H44
_c1914
245 1 0 _aCattleyen und Laelien
_cAnton Hefka
260 _aViena
_bW. Frick
_c1914
300 _a83 p.
_bil., 12 láminas.
_c24 cm.
500 _aI150
650 1 4 _aOrquídeas
_97665
650 1 4 _aLilas
_916936
902 _aGFM
942 _2lcc
_cB
999 _c6475
_d6475